000 00240nam a2200097Ia 4500
001 704464
005 20250826162411.0
008 250824s9999 xx 000 0 und d
245 0 _aOSMANLI BARIŞI
_cİLBER ORTAYLI
260 _bTİMAŞ YAYINLARI
999 _c704464
_d704464